| 000 | 01168nac a22002891u 4500 | ||
|---|---|---|---|
| 010 | _a 98192711 | ||
| 020 | _a0415099900 (hbk) | ||
| 020 | _a0415099919 (pbk.) | ||
| 035 | _a(OCoLC)39142439 | ||
| 082 | 0 | 0 |
_a327.101 _bRUG |
| 090 |
_c8947 _d8947 |
||
| 100 | _aRuggie, John Gerard, | ||
| 245 | 1 | 0 |
_aConstructing the world polity : _bessays on international institutionalization / _cJohn Gerard Ruggie. |
| 260 |
_aLondon ; _aNew York : _bRoutledge,1998 _c1998. |
||
| 300 |
_axiii, 312 p. ; _c25 cm. |
||
| 440 | 4 | _aThe new international relations | |
| 500 | _adistributer: Scientific home bookshop | ||
| 504 | _aIncludes bibliographical references (p. [275]-301) and index. | ||
| 511 | _acatalogued by: wessam | ||
| 650 | 0 | _aInternational organization. | |
| 650 | 0 | _aInternational cooperation. | |
| 650 | 0 | _aState, The. | |
| 650 | 0 | _aSecurity, International. | |
| 650 | 0 |
_aInternational relations _xPhilosophy. |
|
| 856 | 4 | 2 |
_3Publisher description _uhttp://www.loc.gov/catdir/enhancements/fy0648/98192711-d.html |
| 942 |
_cBB _k327.101RUG |
||
| 999 |
_c8947 _d8947 |
||